000
00237 a2200109 4500
003
Nust
005
20170207154229.0
040
_c
Nust
082
_a
371.33
245
_a
MGO Visit 1999 (VHS-88)
440
_a
MGO Visit 1999 (VHS-88)
538
_a
Duration in Minutes-105
999
_c
195744
_d
195744